Policz jak najwyżej w 20 sekund - Statystyki

Ogólne statystyki
  • Ten quiz został rozwiązany 148 razy
    147 od ostatniego zresetowania
  • Średni wynik to 30 z 50
Statystyki odpowiedzi
Liczba % Poprawnych
1
100%
12
95%
2
95%
3
95%
5
95%
6
95%
7
95%
8
95%
9
95%
10
93%
11
93%
13
93%
14
93%
15
93%
16
93%
17
90%
18
90%
4
90%
19
85%
20
85%
21
85%
22
83%
23
78%
24
75%
25
70%
26
68%
27
65%
28
63%
29
60%
31
60%
30
58%
32
53%
33
53%
34
48%
35
45%
36
38%
37
35%
38
33%
39
30%
40
20%
41
13%
42
10%
43
10%
44
10%
49
5%
45
3%
46
3%
47
3%
48
3%
50
3%
Nie znaleziono quizów pasujących do podanych kryteriów
Rozkład punktacji
Procent ludzi z każdym wynikiem
Percentyl według liczby udzielonych odpowiedzi
Twoja historia wyników
Nie rozwiązałeś tego quizu od ostatniego zresetowania